000 00625cam a2200193u 4500
001 unk84015439
003 DLC
005 20260227112801.0
008 840524s1867 gw 000 0 ger
010 _aunk84015439
040 _aDLC
_cCarP
_dDLC
050 0 0 _aBS1161.S6
_bS5
100 1 _aSiegfried, Carl,
_d1830-1903.
245 1 0 _aSpinoza als kritiker und ausleger des Alten Testaments.
260 _aNaumburg,
_bHeinrich Sieling,
_c1867.
300 _a1 p.l., 53, xxii p.
_c26 cm.
530 _aAlso available in digital form on the Internet Archive Web site.
856 4 1 _uhttp://hdl.loc.gov/loc.gdc/scd0001.00220092823
999 _c91510
_d91510